| 000 | 01299cam a22003497a 4500 | ||
|---|---|---|---|
| 003 | CHAP | ||
| 005 | 20220817043426.0 | ||
| 008 | 980318d1997 mx a r 00110 spa d | ||
| 010 | _a75035 | ||
| 011 | _a76007 | ||
| 035 | _a85583 | ||
| 040 | _cCHAP | ||
| 090 | _aTesis | ||
| 100 | 0 | 0 |
_aAcosta Vega, German. _9706 |
| 245 | 1 | 0 |
_aEstrategia para incrementar la adopción de tecnología de bajo costo en el Distrito de Riego No. 38, Rio Mayo, Sonora _c/por Germán Acosta Vega |
| 260 |
_aChapingo, Méx. : _bEl autor, _c1997. |
||
| 300 |
_a66 h. : _bilus. ; mapa |
||
| 502 | _aTesis (Ing. Agr. Esp. en Parasitología Agrícola) -- UACH. Departamento de Parasitología Agrícola | ||
| 590 |
_aALEPH _b10 _c20130110 _lUCH01 _h1422 |
||
| 590 |
_aBATCH-UPD _b10 _c20130110 _lUCH01 _h0743 |
||
| 590 |
_aBATCH-UPD _b10 _c20130410 _lUCH01 _h0424 |
||
| 590 |
_aBATCH-UPD _b10 _c20130914 _lUCH01 _h1053 |
||
| 590 |
_aCONVERSION _b10 _c20130109 _lUCH01 _h1341 |
||
| 650 | 1 | 4 |
_aAgricultura _xInnovaciones tecnológicas. _91565 |
| 650 | 1 | 4 |
_aCostos de producción _xSonora. _928515 |
| 650 | 1 | 4 | _aDistrito de Riego Río Mayo, Son. |
| 901 | _aBK | ||
| 905 | _aMayto Villalobos S. | ||
| 942 | _cFOLL | ||
| 949 |
_bBC _cTES _d33724000587671 _eTS2 _fc.2 _h32447 _i85583 _sb |
||
| 949 |
_bBC _cTES _d855831 _eTS1 _h32446 _i85583 _sb |
||
| 999 |
_c75035 _d75035 |
||